Statistiche per Personaggi dei grandi romanzi - 3

Clicka qui per fare il quiz!

Statistiche generali

  • Questo quiz è stato fatto 92 volte
  • Il punteggio medio è 12 su 25

Statistiche sulle risposte

PersonaggiRomanzo% Corretto
Dorian Gray, Henry Wotton, Basil HallwardIl ritratto di Dorian Gray (Oscar Wilde)
99%
Oliver Twist, Fagin, Bill SikesOliver Twist (Charles Dickens)
96%
Quasimodo, Claude Frollo, EsmeraldaNotre-Dame de Paris (Victor Hugo)
93%
Sherlock Holmes, John Watson, Charles BaskervilleIl mastino dei Baskerville (Arthur Conan Doyle)
92%
Peter Pan, Wendy Darling, Capitan UncinoPeter Pan. Il bimbo che non voleva crescere (James M. Barrie)
92%
Alice, Cappellaio matto, Regina di cuoriAlice nel paese delle meraviglie (Lewis Carroll)
90%
Emma Roualt, Charles Bovary, Monsieur LheureuxMadame Bovary (Gustave Flaubert)
74%
Bilbo Baggins, Gandalf, Thorin ScudodiquerciaLo Hobbit (John R. R. Tolkien)
73%
James Bond, Le Chiffre, Vesper LyndCasino Royale (Ian Fleming)
67%
Jurij Zivago, Larisa Antipova,Viktor KomarovskijIl dottor Zivago (Boris Pasternak)
59%
Guglielmo da Baskerville, Adso da Melk, Jorge da BurgosIl nome della rosa (Umberto Eco)
55%
Henry Jekyll, Edward Hyde, Gabriel UttersonLo strano caso del dottor Jekyll e del signor Hyde (Robert L. Stevenson)
55%
Hercule Poirot, Dottor Constantine, Pierre MichelAssassinio sull'Orient Express (Agatha Christie)
47%
Santiago, Manolin, il marlinIl vecchio e il mare (Ernest Hemingway)
27%
Lev Nikolaevic Myskin, Nastasja Baraskova, Parfen RogozinL'idiota (Fedor Dostoevskij)
27%
Napoleon, Frederick, ClarinettoLa fattoria degli animali (George Orwell)
26%
Encolpio, Gitone, TrimalchioneSatyricon (Gaio Petronio Arbitro)
25%
Lupo Rosso, Il Dritto, KimIl sentiero dei nidi di ragno (Italo Calvino)
19%
Lucio, Fotide, IsideLe metamorfosi (Lucio Apuleio Madaurense)
14%
Perceval, Galvano, Re PescatoreIl conte del Graal (Chrétein de Troyes)
11%
Efix, Giacinto, Don ZameCanne al vento (Grazia Deledda)
8%
Dafni, Cloe, FiletaDafni e Cloe (Longo Sofista)
8%
Tremal-Naik, Kammamuri,SuyodhanaI misteri della jungla nera (Emilio Salgari)
5%
Danny, Pilon, PabloPian della tortilla (John Steinbeck)
5%
Ulrich, Bonadea, MoosbruggerL'uomo senza qualità (Robert Musil)
4%

Distribuzione punteggi

Percentile per numero di risposta

Percentuale di utenti per punteggio

I tuoi punteggi nel tempo

Non hai fatto questo quiz